01674 am a2200337 a 450000500170000000800410001702000180005804100080007610000280008424500510011225000690016326000300023230000110026250001000027365300400037365300530041365300490046665300700051565300650058565300410065065300590069165300780075065300660082865300800089465300290097465300710100365300710107465300810114565300840122670000260131020240524084533.0100427s2009||||mx a f |||| 001 0 spa d a9786077504290 aspa1 aCarrillo Esper, Raúl. aAnestesia en trauma / cRaúl Carrillo Esper a1a ed.bColección Platino de la Academia Mexicana de Cirugía aMéxico: bAlfil;c2009. a269 p. aCarrillo Esper, R. y Rivera Flores, J. (2009). Anestesia en trauma. (1a ed.). México : Alfil. aEpidemiología de los traumatismos aMecanismos de lesión y cinemática del trauma aManejo inicial del paciente politraumatizado aVia respiratoria en el paciente con trauma: evaluación y manejo aTransporte del paciente traumatizado. Cambios fisiológicos aValoración preoperatoria en trauma aManejo perioperatorio en el paciente con trauma severo aCirugía de control de daños: indicaciones en el paciente traumatizado aReanimación cardio-cerebro-pulomonar en paciente con trauma aCriterios de admisión a la unidad de cuidados intensivos traumatológica aMuerte cerebral y trauma aConsideraciones perianestésicas en la procuración de órganos aTrastornos de estrés postraumático en el paciente traumatizado aAspectos éticos y bioéticos de reanimación en el paciente traumatizado aAspectos médico-legales en procedimientos anestésico-quirúrgico en trauma1 aRivera Flores, Jaime.